<?xml version="1.0" encoding="UTF-8"?>
<collection xmlns="http://www.loc.gov/MARC21/slim">
  <record>
    <leader>00000nam  2200000   4500</leader>
    <controlfield tag="001">INLIS000000000020149</controlfield>
    <controlfield tag="005">20250523094950</controlfield>
    <datafield tag="035" ind1="#" ind2="#">
      <subfield code="a">0010-0525000232</subfield>
    </datafield>
    <controlfield tag="007">ta</controlfield>
    <controlfield tag="008">250523################|##########|#|##</controlfield>
    <datafield tag="084" ind1="#" ind2="#">
      <subfield code="a">R 0100 PKN II 2024</subfield>
    </datafield>
    <datafield tag="100" ind1=" " ind2="#">
      <subfield code="a">Halid K. Jusuf</subfield>
    </datafield>
    <datafield tag="245" ind1="1" ind2="#">
      <subfield code="a">Strategi Kolaborasi PDSK (Elektronik Monitoring Dan Evaluasi Pengawasan Sumber Daya Kelautan /</subfield>
      <subfield code="c">Halid K. Jusuf</subfield>
    </datafield>
    <datafield tag="250" ind1="#" ind2="#">
      <subfield code="a">1</subfield>
    </datafield>
    <datafield tag="260" ind1="#" ind2="#">
      <subfield code="a">Jakarta :</subfield>
      <subfield code="b">Pusbangkom Pimnas,</subfield>
      <subfield code="c">2024</subfield>
    </datafield>
    <datafield tag="300" ind1="#" ind2="#">
      <subfield code="a">60 :</subfield>
      <subfield code="b">ilus ;</subfield>
      <subfield code="c">29 x 21 x 0,5</subfield>
    </datafield>
    <datafield tag="650" ind1="#" ind2="4">
      <subfield code="a">Monitoring</subfield>
    </datafield>
    <datafield tag="520" ind1="#" ind2="#">
      <subfield code="a">Direktorat Pengawasan Sumber Daya Kelautan dan Perikanan sebagai lembaga yang&#13;
diberi tanggung jawab untuk melakukan pembangunan nasional melalui pengawasan&#13;
sumber daya kelautan seperti kepatuhan pelaku usaha, pengelolaan ruang laut, wilayah&#13;
pesisir dan pulau-pulau kecil memerlukan kolaborasi dan kerjasama dengan pihak-pihak&#13;
terkait seperti para petugas pengawasan pihak UPT dan masyarakat. Peran Project Leader&#13;
adalah memastikan bahwa tujuan jangka panjang, menengah dan pendek dari proyek&#13;
perubahan ini terlaksana dengan baik dan mencapai tujuan proyek perubahan itu sendiri.&#13;
Melalui inovasi pengawasan dengan E-Mas PSDK (Evaluasi Monitoring Pengawasan Sumber&#13;
Daya Kelautan) diharapkan dapat melakukan percepatan dan peningkatan akurasi data&#13;
pengawasan sumber daya kelautan yang nantinya dapat digunakan sebagai Big Data dalam&#13;
&#13;
pemberian rekomendasi hasil pengawasan yang telah dilakukan dan penyusunan program-&#13;
program pengawasan yang akan datang. Keberhasilan proyek perubahan membutuhkan&#13;
&#13;
dukungan dengan adanya kebijakan yang berfungsi sebagai pemicu dalam tercapainya&#13;
sistem pengawasan yang terintegrasi. Dukungan pihak-pihak terkait dan juga pemerintah&#13;
akan sangat membantu keberhasilan dari program pengawasan sumber daya kelautan.</subfield>
    </datafield>
    <datafield tag="856" ind1="#" ind2="#">
      <subfield code="a">Perpustakaan Pusat LAN</subfield>
    </datafield>
    <datafield tag="990" ind1="#" ind2="#">
      <subfield code="a">2024/1.2,2/A/0100</subfield>
    </datafield>
  </record>
</collection>
